000 00312nam a22001217a 4500
008 170216b xxu||||| |||| 00| 0 eng d
041 _aeng
080 _a61
100 _a4
101 _aSHM
245 _aTHE TREATMENT OF AVUTE VOMPOUNG INJURIES OF THE SPINAL CORD DUE TI MISSILES
_cMATSON, D.D
942 _2udc
_cBK
999 _c5655
_d5655